000 00855nam a22001817a 4500
005 20240314142410.0
010 _aHIN-127005
020 _a9788123796116
_c360.00
035 _aHN-99351
037 _bDBAD/PUB
082 _a306.09954
100 _aलोकेशचंद्र
_963355
245 _aएशिया के हृदयांचलो में भारत-भारती/
_cलोकेशचंद्र
260 _aनई दिल्ली
_bराष्टीय पुस्तक न्यास
_c2021
270 _aनेहरु भवन, 5 इंस्टीट्यूशनल एरिया फेज-II वसंत कुंज
_b नई दिल्ली
_e110070
300 _a230 पृष्ट.;
_c22 सेमी (सजिल्द)
942 _cHN
_2ddc
_h306.0954
_mलोकेश
999 _c201177
_d201177